[Event "Voronezh op-B 22nd"]
[Site "Voronezh"]
[Date "2018.06.15"]
[Round "4"]
[White "Efendiev, Enver"]
[Black "Sobina, Pavel"]
[Result "0-1"]
[WhiteElo "1948"]
[BlackElo "2199"]
[PlyCount "84"]
[EventDate "2018.06.12"]
[EventType "swiss"]
[EventRounds "9"]
[EventCountry "RUS"]
[SourceTitle "CBM 185 Extra"]
[Source "ChessBase"]
[SourceDate "2018.07.29"]
[SourceVersion "1"]
[SourceVersionDate "2018.07.29"]
[SourceQuality "1"]

1. e4 c5 2. Nf3 d6 3. d4 cxd4 4. Nxd4 Nf6 5. Nc3 a6 6. Bg5 e6 7. f4 h6 8. Bh4 Qb6 9. Qd2 Qxb2 10. Rb1 Qa3 11. e5 dxe5 12. fxe5 g5 13. exf6 gxh4 14. Be2 Qa5 15. 0-0 Qg5 16. Qxg5 hxg5 17. Ne4 Nd7 18. Nxg5 Ne5 19. a4 Bh6 20. Ndf3 Nxf3+ 21. Nxf3 Be3+ 22. Kh1 b6 23. Rb3 Bc5 24. Ne5 Bb7 25. Bf3 Bxf3 26. Rbxf3 Rh5 27. Nd3 Bd6 28. Nf2 Rc8 29. Ne4 Bf8 30. c3 Rc4 31. Rf4 Kd7 32. Rd1+ Rd5 33. Re1 Kc6 34. Rxh4 Rxa4 35. g3 Re5 36. Kg2 Bc5 37. Nxc5 Ra2+ 38. Kf1 Rxc5 39. c4 Rf5+ 40. Rf4 Rxf4+ 41. gxf4 Rxh2 42. f5 Rh1+ 0-1